Statistiques concernant Culture Générale - Série 1211

Cliquez ici pour prendre le quiz!

Statistiques générales

  • Ce quiz a été pris 49 fois
  • Le résultat moyen est 5 sur 10

Statistiques - réponses

QuestionRéponse% Correct
Quel doigt de la main est aussi appelé médius ?majeur
89%
Combien de faces comporte un hexaèdre ?six
87%
Quel est l'ancien nom de Hô Chi Minh-Ville ?Saïgon
69%
Quel est le prénom du poète français Lamartine, auteur des "Méditations poétiques" ?Alphonse
60%
Quel était le prénom de la reine de Castille dite "la Catholique", épouse de Ferdinand II d'Aragon ?Isabelle
56%
On dit que le vert est la couleur de l' ...espérance
44%
Quel acteur et réalisateur américain a reçu deux Oscars pour son film "Annie Hall" en 1978 ?Woody Allen
36%
Dans la religion juive, comment s'appelle la fête de Pâques rappelant l'exode des Juifs dans le désert du Sinaï ?Pessah
18%
Quelle était la profession d'Émile Coué, qui a donné son nom à une méthode d'autosuggestion ?pharmacien
16%
En Espagne et Amérique latine, qu'est-ce qu'une posada ?auberge
11%

Distribution des résultats

Percentile par nombre de réponses

% des personnes avec chaque résultat

Votre développement - résultats

Vous n’avez pas pris ce quiz